Estrategias de alianzas en un escenario de creciente globalización

Bibliographic Details
Main Author: Cleri, Carlos A. R.
Format: Section = Libro
Language:Undetermined
Spanish
Published: Buenos Aires Macchi 1999
Edition:2a.ed.
Subjects:
LEADER 00582nam a2200217Ia 4500
008 240829s9999 xx 000 0 und d
020 |a 950-537-447-X 
040 |a BIBLIOTECA-RUSB/ 337 C629 
041 |a spa 
082 |a 337 C629 
100 1 |a Cleri, Carlos A. R. 
245 1 0 |a Estrategias de alianzas en un escenario de creciente globalización 
250 |a 2a.ed. 
260 |a Buenos Aires  |b Macchi  |c 1999 
300 |a 255 p. 
650 7 |a ECONOMIA INTERNACIONAL 
650 7 |b  GLOBALIZACION ECONOMICA 
650 7 |c  COMPETENCIA 
942 |c BK  |2 ddc 
991 |a TEXTO 
999 |c 1011